000 00279nam a22001337a 4500
008 210707s2006 xx 000 0 und d
041 _aeng
082 _a052 TIME
100 _aRichard Stengel
245 _aTime
260 _c2006
650 _aGeneralities
906 _aTime
999 _c179610
_d179610